| Registos Bibliográficos associados ao registo de autoridade |
|
Etiqueta de registo: 00254nam 2200025 450 001 2249083 003 http://id.bnportugal.gov.pt/bib/catbnp/2249083 010 ## $a9789725410950 021 ## $aPT$b549898/25 100 ## $a20260116d2025 m y0pory01030103ba 101 0# $apor 102 ## $aPT 105 ## $aa z 000cy 106 ## $ar 200 1# $aLiteratura, artes e religião$eensaios sobre santidade$fcoord. Maria do Rosário Lupi Bello, Suzie Marra$gposf. Constantino Esposito$fautores Alberto Arruda... [et al.] 210 #9 $aLisboa$cUniversidade Católica Editora,$d2024 215 ## $a218 p.$cil.$d23 cm 225 2# $aECC -Estudos de Comunicação e Cultura.$iArt, Culture and Citizenship 675 ## $a272-184(042)$vBN$zpor$31290651 675 ## $a821.1/.8-4"19/20"$vBN$zpor$31632219 701 #1 $aArruda,$bAlberto Miguel Antunes$4070$31670280 702 #1 $aEsposito,$bCostantino$4075$31109485 702 #1 $aBelo,$bMaria do Rosário Leitão Lupi,$f1963-$4340$31145562 702 #1 $aMarra,$bSuzie$4340$31978961 801 #0 $aPT$bBN$gRPC 856 41 $uhttp://rnod.bnportugal.gov.pt/ImagesBN/winlibimg.aspx?skey=&doc=2249083&img=219759&save=true 900 ## $aBIBNAC$d20260311 966 ## $lBN$mFGMON$sR. 33361 V.$x1 966 ## $lBN$mFGMON$sR. 33361 V.-D$x1 971 ## $ccsilva$d20260116 972 ## $e0$z0$d20260311$vasantos 973 ## $cigoulao$d20260302 975 ## $e0$d20260313$viquintas
|
|
|